Sikshar monobaigyanik vitti (Record no. 6258)

MARC details
000 -LEADER
fixed length control field 00554cam a2200229ua 4500
001 - CONTROL NUMBER
control field 7137
005 - DATE AND TIME OF LATEST TRANSACTION
control field 20260515114147.0
008 - FIXED-LENGTH DATA ELEMENTS--GENERAL INFORMATION
fixed length control field 141127n ii |||gr||||Z||||||asm
020 ## - INTERNATIONAL STANDARD BOOK NUMBER
International Standard Book Number 9789381689295
040 ## - CATALOGING SOURCE
Transcribing agency MAIN
041 ## - LANGUAGE CODE
Language code of text/sound track or separate title asm
082 ## - DEWEY DECIMAL CLASSIFICATION NUMBER
Classification number 370
100 ## - MAIN ENTRY--PERSONAL NAME
Personal name Neog, M.,
Relator term Author.
245 ## - TITLE STATEMENT
Title Sikshar monobaigyanik vitti
Statement of responsibility, etc. By Mukunda Neog
250 ## - EDITION STATEMENT
Edition statement 1st.
260 ## - PUBLICATION, DISTRIBUTION, ETC.
Place of publication, distribution, etc. Lakhimpur:
Name of publisher, distributor, etc. Dutta,
Date of publication, distribution, etc. 2012.
300 ## - PHYSICAL DESCRIPTION
Extent 258p.
653 ## - INDEX TERM--UNCONTROLLED
Uncontrolled term Educational psychology
700 ## - ADDED ENTRY--PERSONAL NAME
Personal name Sonowal, P.,
Relator term Author.
700 ## - ADDED ENTRY--PERSONAL NAME
Personal name Dutta, K.,
Relator term Author.
942 ## - ADDED ENTRY ELEMENTS (KOHA)
Koha item type Books
Holdings
Withdrawn status Lost status Damaged status Not for loan Home library Current library Shelving location Date acquired Total checkouts Full call number Barcode Date last seen Date last checked out Copy number Price effective from Koha item type
        Naharkatiya College Library Naharkatiya College Library General stacks 09/19/2020 4 370.15 | NEO 21942 03/11/2025 03/06/2025 1 09/19/2020 Books
        Naharkatiya College Library Naharkatiya College Library General stacks 09/19/2020   370.15 | NEO 21944 09/19/2020   4 09/19/2020 Books
        Naharkatiya College Library Naharkatiya College Library General stacks 09/19/2020   370.15 | NEO 21945 09/19/2020   3 09/19/2020 Books
        Naharkatiya College Library Naharkatiya College Library General stacks 09/19/2020 3 370.15 | NEO 21946 03/21/2025 03/19/2025 2 09/19/2020 Books